| 000 | 00558nam a2200205Ia 4500 | ||
|---|---|---|---|
| 003 | OSt | ||
| 005 | 20250222121906.0 | ||
| 008 | 210210b1964 xxu||||| |||| 00| 0 eng d | ||
| 040 | _cAL | ||
| 041 | _ahin | ||
| 082 | _aH891.8 RAOR | ||
| 100 |
_aRAO (A C Kamakshi): _9202055 |
||
| 110 |
_bराव ए सी कामाक्षी _9202056 |
||
| 245 |
_aRana Pratap: _bराणा प्रताप |
||
| 260 |
_aMysore _bPratap Pustak Mandir _c1964 |
||
| 300 | _a76 | ||
| 690 |
_aHindi Miscellaneous _9202057 |
||
| 906 | _a027951 | ||
| 942 |
_2ddc _cBK |
||
| 999 |
_c79216 _d79216 |
||